000
00307nam a2200109Ia 4500
008
200302s9999 xx 000 0 und d
100
_a
Tom Avermaete
245
_a
Architectural Positions Architecture Modernity and the Public Sphere
260
_b
Sun Publishers Amsterdam
260
_c
2009
300
_a
399 P.,
999
_c
2740
_d
2740